000 00682nam a2200229Ia 4500
003 OSt
005 20220827120301.0
008 210716s2011 xx 000 0 und d
020 _a9788184898910
040 _cAIMIT LIBRARY
041 _aeng
082 _a574.015195
_bASHJ
100 _aAshbourn, Julian.
_955784
245 _aPractical biometrics:
_bfrom aspiration to implementation /
_cBy Julian Ashbourn
250 _a1st ed.
260 _aNew Delhi :
_bSpringer ,
_c2011.
300 _axiv,159p. ;
_c24 cm.
650 _aTechnical factors
_955785
650 _aHuman factors
_955786
650 _aImplementation factors
_955787
942 _2ddc
_cBK
_e1st
_k574.015195 ASHJ
999 _c194373
_d194373